[Event "Goch op 27th"]
[Site "Goch"]
[Date "2016.09.01"]
[Round "1"]
[White "Coenen, Siegfried"]
[Black "Unkrig, Frank"]
[Result "1-0"]
[WhiteElo "1991"]
[BlackElo "1577"]
[PlyCount "71"]
[EventDate "2016.09.01"]
[EventType "swiss"]
[EventRounds "7"]
[EventCountry "GER"]
[SourceTitle "EXT 2018"]
[Source "ChessBase"]
[SourceDate "2017.10.13"]
[SourceVersion "1"]
[SourceVersionDate "2017.10.13"]
[SourceQuality "1"]

1. e4 e6 2. d4 d5 3. Nd2 dxe4 4. Nxe4 Nd7 5. Nf3 Ngf6 6. Ng3 Be7 7. Bd3 0-0 8. 0-0 b6 9. a4 a5 10. Re1 Ba6 11. Bxa6 Rxa6 12. c3 c5 13. Bg5 Nd5 14. Bxe7 Nxe7 15. Qe2 Ra8 16. Rad1 Qc7 17. Ne4 cxd4 18. Nxd4 Nc5 19. Ng5 h6 20. Ngf3 Nxa4 21. Nxe6 fxe6 22. Qxe6+ Kh8 23. Rd7 Nc5 24. Rxc7 Nxe6 25. Rxe7 Nc5 26. Ne5 Kh7 27. Nd7 Nxd7 28. Rxd7 Rad8 29. Ree7 Rxd7 30. Rxd7 Rf5 31. Kf1 Rb5 32. Rd2 Rb3 33. Ke2 b5 34. Kd3 b4 35. Kc2 a4 36. c4 1-0

[Event "Dortmund Sparkassen op-B 44th"]
[Site "Dortmund"]
[Date "2016.07.09"]
[Round "1"]
[White "Elier, Ali"]
[Black "Unkrig, Frank"]
[Result "1-0"]
[WhiteElo "1754"]
[BlackElo "1520"]
[PlyCount "35"]
[EventDate "2016.07.09"]
[EventType "swiss"]
[EventRounds "9"]
[EventCountry "GER"]
[SourceTitle "CBM 173 Extra"]
[Source "ChessBase"]
[SourceDate "2016.08.29"]
[SourceVersion "1"]
[SourceVersionDate "2016.08.29"]
[SourceQuality "1"]

1. e4 e6 2. d4 d5 3. Nd2 dxe4 4. Nxe4 Nd7 5. g3 c6 6. Bg2 Ngf6 7. Bf4 Nxe4 8. Bxe4 Be7 9. Nf3 Nf6 10. Bd3 0-0 11. h4 Nd5 12. Bxh7+ Kxh7 13. Ng5+ Bxg5 14. hxg5+ Kg6 15. Qh5+ Kf5 16. g6+ Ke4 17. Qe5+ Kf3 18. Qe2+ 1-0

[Event "Goch op 22nd"]
[Site "Goch"]
[Date "2011.10.01"]
[Round "5"]
[White "Unkrig, Frank"]
[Black "Vonhoff, Joerg"]
[Result "0-1"]
[WhiteElo "1214"]
[BlackElo "1719"]
[PlyCount "70"]
[EventDate "2011.09.29"]
[EventType "swiss"]
[EventRounds "7"]
[EventCountry "GER"]
[SourceTitle "EXT 2014"]
[Source "ChessBase"]
[SourceDate "2013.11.20"]
[SourceVersion "1"]
[SourceVersionDate "2013.11.20"]
[SourceQuality "1"]

1. d4 Nf6 2. c4 g6 3. Nc3 d5 4. cxd5 Nxd5 5. e4 Nxc3 6. bxc3 Bg7 7. Be3 c5 8. Qd2 Qa5 9. Nf3 Nc6 10. h3 0-0 11. Be2 Rd8 12. Rc1 cxd4 13. Nxd4 Nxd4 14. Bxd4 e5 15. 0-0 exd4 16. Rfd1 Be6 17. cxd4 Qxd2 18. Rxd2 Rxd4 19. Rxd4 Bxd4 20. Rc2 Rc8 21. Rxc8+ Bxc8 22. Bc4 a6 23. a4 Bd7 24. Bb3 b5 25. axb5 axb5 26. Kf1 Kf8 27. f4 Ke7 28. g4 Be6 29. Bc2 Bc4+ 30. Ke1 h6 31. Kd2 Kd6 32. h4 b4 33. f5 g5 34. hxg5 hxg5 35. Bb1 Ke5 0-1